No al pensamiento único: otro mundo es posible

Guardat en:
Dades bibliogràfiques
Format: Llibre
Idioma:espanyol
Publicat: Santiago Aún Creemos en los Sueños 2001
Col·lecció:Le Monde Diplomatique
Matèries:
Etiquetes: Afegir etiqueta
Sense etiquetes, Sigues el primer a etiquetar aquest registre!

MARC

LEADER 00000cam a2200000 a 4500
001 UCM4798
003 CL-VaPUC
008 020906e20010000CL |||||||||||||||||spa|d
020 |a 9568134018 
082 0 4 |a 338.9  |b NOA  |2 21 
245 1 0 |a No al pensamiento único: otro mundo es posible 
300 |a 119 p 
942 |c BK 
945 |d 20020906 00:00:00  |a vberengu 
260 |a Santiago  |b Aún Creemos en los Sueños  |c 2001 
650 0 |a Globalización  |9 361930 
650 0 |a Movimientos sociales  |9 315241 
650 0 |a Política mundial  |9 255739 
650 0 |a Desarrollo económico y social   |9 256320 
583 |a last modification  |c 20170816 10:56:35  |k Rodrigo Vera 
490 0 |a Le Monde Diplomatique 
999 |c 301266  |d 301264 
952 |0 0  |1 0  |4 0  |6 338_900000000000000_NOA_2001  |7 0  |8 A  |9 360062  |a BIBHIS  |b BIBHIS  |d 2019-11-21  |i 3806693  |o 338.9 NOA 2001  |p 3806693  |r 2025-01-20  |w 2019-11-21  |y BK  |k HIS 
952 |0 0  |1 0  |3 erb  |4 0  |6 338_900000000000000_NOA_2001  |7 0  |8 A  |9 360063  |a BIBEDU  |b BIBEDU  |i 5415330  |o 338.9 NOA 2001  |p 5415330  |r 2019-11-21  |w 2019-11-21  |y BK  |z Catalogado en:20170818  |k PSI